00339 2200145 4500001002100000005001500021035002000036245004300056100001800099300001100117260003100128082000800159084001400167990001200181INLIS00000000000198820250527082553 a0010-05250002801 aeinsteine relativitas /cpaul stratern0 apaul stratern a94 hlm ajakarta :bErlangga,c2003 a500 a500 PAU e a0713098